000 00655nam a22002057a 4500
005 20251108165841.0
008 250721s1988 xx 000 0 ara d
082 1 4 _aط/928.11/محا
100 1 _aالمحامي، محمد كامل حسن
_eمؤلف
245 1 0 _aعنترة بن شداد /
264 1 _aبيروت :
_bالمكتب العالمي للطباعة و النشر،
_c1988.
300 _a92ص.
490 0 _aعباقرة خالدون
650 1 7 _aالتراجم
650 1 7 _aالشعراء العرب
653 _aناشئون صغار (10-14) سنة
653 _aعنترة بن شداد
942 _2ddc
_cBK
999 _c32905
_d32905